Normal view
MARC view
- Johnson, Curtis D
Entry Personal Name
001 - CONTROL NUMBER
- control field: 84513
003 - CONTROL NUMBER IDENTIFIER
- control field: NUST
005 - DATE AND TIME OF LATEST TRANSACTION
- control field: 20211118160502.0
008 - FIXED-LENGTH DATA ELEMENTS
- fixed length control field: 211118|| aca||aabn | a|a d
040 ## - CATALOGING SOURCE
- Original cataloging agency: NUST
- Transcribing agency: NUST
100 ## - HEADING--PERSONAL NAME
- Personal name: Johnson, Curtis D
670 ## - SOURCE DATA FOUND
- Source citation: Work cat.: (NUST)32280: Johnson, Curtis D., Process Control Instrumentation Technology /, 2008.
